00351nam a2200145Ia 4500008004100000041000800041082001500049100001400064245005000078260003100128300000900159365000800168500001500176700001400191230612s9999 xx 000 0 und d aeng a621.87 MUR aMurray O. aDmiralty Handbook Of Wireless Telegraphy 1931 c1931bJohnson And Phillips a1012 cRs. aW. 2003-04 aMurray O.